| 000 | 00000nam##2200000za#4500 |
| 001 | 9.608255 |
| 003 | CaOODSP |
| 005 | 20250403105224 |
| 007 | cr ||||||||||| |
| 008 | 150406|2015||||xxc|||||o f|0| 0 fre|d |
| 020 | |a978-0-660-23166-2 |
| 022 | |a1712-8110 |
| 040 | |aCaOODSP|bfre |
| 043 | |an-cn--- |
| 086 | 1 |aCS71-0031/5-2015F-PDF |
| 245 | 00|aAméliorations apportées à l'Enquête sur la population active (EPA) : |h[ressource électronique]|brévisions apportées à l'Enquête sur la population active (EPA) en 2015 |
| 260 | |aOttawa - Ontario : |bStatistique Canada |cJanvier 2015. |
| 300 | |a52p.|bgraphiques, tableaux |
| 490 | 1 |aAméliorations apportées à l'Enquête sur la population active (EPA)|x1712-8110|vN° 5 |
| 590 | |a15-05|b2015-01-30 |
| 691 | 07|aMain-d'oeuvre|2gcpds |
| 710 | 2 |aStatistique Canada. |
| 775 | 08|tImprovements to the Labour Force Survey (LFS) : |w(CaOODSP)9.581424 |
| 830 | #0|aAméliorations apportées à l'Enquête sur la population active (EPA)|x1712-8110|vN° 5|w(CaOODSP)9.501254 |
| 856 | 40|ahttp://publications.gc.ca|qPDF|s993 Ko|uhttps://publications.gc.ca/collections/collection_2015/statcan/71f0031x/71f0031x2015001-fra.pdf|yN° 5 |